Partial Differential Equations for Scientists and Engineers / (Record no. 587955)
[ view plain ]
| 000 -LEADER | |
|---|---|
| fixed length control field | 00427nam a22001457a 4500 |
| 020 ## - INTERNATIONAL STANDARD BOOK NUMBER | |
| International Standard Book Number | 0-486-67620-x |
| 040 ## - CATALOGING SOURCE | |
| Transcribing agency | NUST |
| 082 ## - DEWEY DECIMAL CLASSIFICATION NUMBER | |
| Edition number | 515.353 |
| 100 ## - MAIN ENTRY--PERSONAL NAME | |
| Personal name | Stanley J. Farlow |
| 9 (RLIN) | 89135 |
| 245 ## - TITLE STATEMENT | |
| Title | Partial Differential Equations for Scientists and Engineers / |
| Statement of responsibility, etc. | Farlow, Stanley J |
| 260 ## - PUBLICATION, DISTRIBUTION, ETC. | |
| Place of publication, distribution, etc. | New Yark: |
| Name of publisher, distributor, etc. | Dover Publication, INC, |
| Date of publication, distribution, etc. | 1982. |
| 300 ## - PHYSICAL DESCRIPTION | |
| Extent | 414 p. : |
| Other physical details | ill. ; |
| 650 ## - SUBJECT ADDED ENTRY--TOPICAL TERM | |
| Source of heading or term | Science and Engineering. |
| 942 ## - ADDED ENTRY ELEMENTS (KOHA) | |
| Source of classification or shelving scheme | |
| Koha item type | Reference |
| Withdrawn status | Lost status | Source of classification or shelving scheme | Damaged status | Not for loan | Permanent Location | Current Location | Shelving location | Date acquired | Total Checkouts | Full call number | Barcode | Date last seen | Date last checked out | Price effective from | Koha item type |
|---|---|---|---|---|---|---|---|---|---|---|---|---|---|---|---|
| School of Interdisciplinary Engineering and Sciences (SINES) | School of Interdisciplinary Engineering and Sciences (SINES) | General Stacks | 02/17/2022 | 1 | 5150353 Far | RCMS00736 | 02/18/2022 | 02/17/2022 | 02/17/2022 | Text Books |
